[Event "BL 0304 Bremer SG - SC Kreuzberg"]
[Site "Bremen"]
[Date "2004.03.27"]
[Round "12.1"]
[White "Almasi, Zoltan"]
[Black "Sakaev, Konstantin"]
[Result "1/2-1/2"]
[WhiteElo "2631"]
[BlackElo "2657"]
[PlyCount "43"]
[EventDate "2003.11.01"]

1. e4 c5 2. Nf3 d6 3. d4 cxd4 4. Nxd4 Nf6 5. Nc3 a6 6. f3 e5 7. Nb3 Be6 8. Be3
Be7 9. Qd2 O-O 10. O-O-O Nbd7 11. g4 b5 12. g5 b4 13. Ne2 Ne8 14. h4 a5 15. Kb1
a4 16. Nbc1 Nb6 17. Ng3 d5 18. Bxb6 Qxb6 19. exd5 Rd8 20. Bc4 Nc7 21. Qe2 Nxd5
22. Bxd5 1/2-1/2

[Event "BL 0304 Bremer SG - SC Kreuzberg"]
[Site "Bremen"]
[Date "2004.03.27"]
[Round "12.3"]
[White "Maiwald, Jens-Uwe"]
[Black "Hjartarson, Johann"]
[Result "0-1"]
[WhiteElo "2543"]
[BlackElo "2640"]
[PlyCount "80"]
[EventDate "2003.11.01"]

1. e4 e5 2. Bc4 Nc6 3. Nc3 Nf6 4. d3 Bb4 5. Nge2 d5 6. exd5 Nxd5 7. O-O Nb6 8.
Bb5 Bd7 9. f4 O-O 10. Bxc6 Bxc6 11. fxe5 Bxc3 12. Nxc3 Qd4+ 13. Kh1 Qxe5 14.
Bf4 Qe7 15. Qe1 Qd7 16. Qg3 f5 17. Bxc7 Rf6 18. Qf4 Nd5 19. Nxd5 Qxd5 20. Rf2
Re8 21. Qc4 Qxc4 22. dxc4 g5 23. Kg1 f4 24. Rd1 Re4 25. b3 h6 26. Bb8 a6 27.
Bc7 Kh7 28. a4 Rf7 29. Bb8 g4 30. Kf1 f3 31. gxf3 gxf3 32. Re1 Rg4 33. Bg3 Rd7
34. Re5 Rd1+ 35. Re1 Rgd4 36. Bc7 Kg6 37. c3 R4d3 38. Rc2 Be4 39. Bf4 Kf5 40.
Rc1 Rxe1+ 0-1

[Event "BL 0304 Bremer SG - SC Kreuzberg"]
[Site "Bremen"]
[Date "2004.03.27"]
[Round "12.4"]
[White "Agrest, Evgenij"]
[Black "Tischbierek, Raj"]
[Result "1/2-1/2"]
[WhiteElo "2605"]
[BlackElo "2519"]
[PlyCount "128"]
[EventDate "2003.11.01"]

1. Nf3 Nf6 2. c4 e6 3. Nc3 d5 4. d4 Bb4 5. e3 O-O 6. Bd3 c5 7. O-O Nc6 8. a3
Bxc3 9. bxc3 Qc7 10. h3 dxc4 11. Bxc4 Rd8 12. Qe2 b6 13. Bb2 Bb7 14. Rfd1 Ne7
15. Ba2 Ng6 16. Rac1 Rac8 17. Ne1 Qe7 18. f3 e5 19. dxe5 Qxe5 20. c4 Qg5 21.
Qf2 Re8 22. Rc3 Re7 23. Rcd3 Rce8 24. Bc1 h5 25. Rd8 Nh7 26. Bb1 Nhf8 27. R8d6
Qh4 28. Qxh4 Nxh4 29. e4 Nf5 30. Rd8 Nd4 31. Rxe8 Rxe8 32. Bb2 Nfe6 33. Nc2
Nxc2 34. Bxc2 Ba6 35. Bb3 Rd8 36. Rxd8+ Nxd8 37. Bc3 f6 38. e5 fxe5 39. Bxe5
Nb7 40. Bb8 Na5 41. Ba4 Bxc4 42. Bxa7 b5 43. Bc2 Nb3 44. Kf2 Kf7 45. f4 g6 46.
Ke3 Bd5 47. g3 Nd4 48. Bb1 Nf5+ 49. Kf2 Nd6 50. g4 hxg4 51. hxg4 Nb7 52. Bb6
Bc6 53. Ke3 b4 54. Ba2+ Ke7 55. axb4 cxb4 56. Kd4 Bd7 57. Bd5 Nd8 58. Bc5+ Ke8
59. Ke5 Bxg4 60. Kf6 Bf5 61. Bxb4 Kd7 62. Bb3 Ne6 63. Ba4+ Kc7 64. Ke5 Nxf4
1/2-1/2

[Event "BL 0304 Bremer SG - SC Kreuzberg"]
[Site "Bremen"]
[Date "2004.03.27"]
[Round "12.5"]
[White "Lau, Ralf"]
[Black "Fish, Gannadij"]
[Result "0-1"]
[WhiteElo "2503"]
[BlackElo "2509"]
[PlyCount "114"]
[EventDate "2003.11.01"]

1. e4 c5 2. Nc3 e6 3. Nge2 Nc6 4. g3 Nge7 5. Bg2 Nd4 6. O-O g6 7. d3 Bg7 8. Rb1
O-O 9. a3 a5 10. Be3 a4 11. f4 d6 12. h3 Bd7 13. g4 f5 14. Ng3 Bc6 15. Qd2 Qd7
16. Nce2 b5 17. Nxd4 cxd4 18. Bf2 Rac8 19. gxf5 exf5 20. Ne2 fxe4 21. dxe4 Qb7
22. Qd3 Nf5 23. Nxd4 Nxd4 24. Bxd4 Bh6 25. Bc3 Bxf4 26. Rxf4 Rxf4 27. Qxd6 Rcf8
28. Qe5 R4f6 29. Rd1 Qa7+ 30. Bd4 Qd7 31. Rd3 Qe6 32. Qg5 R6f7 33. Bc5 Bxe4 34.
Re3 Rf5 35. Qe7 Qxe7 36. Bxe7 Bxc2 37. Bxf8 Kxf8 38. Rc3 Bb3 39. Rc7 h5 40. Bf1
Rg5+ 41. Kf2 Rf5+ 42. Ke1 Rd5 43. Be2 Re5 44. Kf2 Be6 45. Rb7 Bxh3 46. Bxb5 h4
47. Bxa4 Rf5+ 48. Ke3 Bg2 49. Rh7 h3 50. Bc2 Rf3+ 51. Ke2 g5 52. Rh5 Rf6 53.
Ke3 Ke7 54. b4 g4 55. Bf5 Rxf5 56. Rxf5 h2 57. Rh5 Bh3 0-1

[Event "BL 0304 Bremer SG - SC Kreuzberg"]
[Site "Bremen"]
[Date "2004.03.27"]
[Round "12.6"]
[White "Gisbrecht, Ewgeni"]
[Black "Kalinitschew, Sergey"]
[Result "1/2-1/2"]
[WhiteElo "2441"]
[BlackElo "2519"]
[PlyCount "69"]
[EventDate "2003.11.01"]

1. Nf3 d5 2. c4 e6 3. g3 dxc4 4. Qa4+ Nd7 5. Bg2 a6 6. Qxc4 b5 7. Qc2 Bb7 8.
O-O c5 9. a4 Ngf6 10. axb5 axb5 11. Rxa8 Qxa8 12. Na3 Bc6 13. Ne1 Nd5 14. b3
Be7 15. Bb2 O-O 16. Nd3 Rc8 17. Rc1 Qa5 18. Ra1 Qb6 19. Qd1 h6 20. Ne5 Nxe5 21.
Bxe5 Bf6 22. Bxf6 Nxf6 23. Bxc6 Qxc6 24. d3 Nd5 25. Rc1 Qa6 26. Nb1 c4 27. bxc4
bxc4 28. dxc4 Rxc4 29. Rxc4 Qxc4 30. Nd2 Qd4 31. Qc2 Nb4 32. Qc1 Qe5 33. Qc8+
Kh7 34. Qc4 Nd5 35. Qe4+ 1/2-1/2

[Event "BL 0304 Bremer SG - SC Kreuzberg"]
[Site "Bremen"]
[Date "2004.03.27"]
[Round "12.7"]
[White "Volke, Karsten"]
[Black "Breutigam, Martin"]
[Result "1-0"]
[WhiteElo "2467"]
[BlackElo "2409"]
[PlyCount "71"]
[EventDate "2003.11.01"]

1. Nf3 d5 2. d4 c5 3. c4 e6 4. cxd5 exd5 5. Nc3 Nc6 6. g3 Nf6 7. Bg2 Be7 8. O-O
O-O 9. Bg5 c4 10. Ne5 Be6 11. e3 Nd7 12. Nxc6 bxc6 13. Bxe7 Qxe7 14. b3 Nb6 15.
bxc4 Nxc4 16. Qa4 Qd6 17. Rfc1 f5 18. Rab1 a5 19. Qd1 Ra7 20. Na4 g5 21. Nb6 f4
22. Nxc4 dxc4 23. Rb6 fxe3 24. fxe3 Qa3 25. Qd2 Raf7 26. e4 h6 27. Qc3 Qxa2 28.
Rc2 Qa4 29. d5 Bd7 30. e5 Bf5 31. Rc1 cxd5 32. Bxd5 Bd3 33. Bxf7+ Rxf7 34. e6
Re7 35. Rb8+ Re8 36. Rb7 1-0

[Event "BL 0304 Bremer SG - SC Kreuzberg"]
[Site "Bremen"]
[Date "2004.03.27"]
[Round "12.8"]
[White "Borik, Otto"]
[Black "Loeffler, Stefan"]
[Result "0-1"]
[WhiteElo "2429"]
[BlackElo "2413"]
[PlyCount "72"]
[EventDate "2003.11.01"]

1. e4 Nf6 2. Nc3 e5 3. Nf3 Bb4 4. Nxe5 O-O 5. Nd3 Bxc3 6. dxc3 Nxe4 7. Be3 d5
8. Be2 Nd7 9. Nf4 c6 10. O-O Ne5 11. Qd4 Re8 12. Rad1 Nd6 13. Bc1 Bf5 14. Nd3
Ng6 15. Bf3 Nh4 16. Qf4 Ne4 17. Rfe1 g5 18. Qe3 h6 19. Qd4 Qc8 20. Be2 Bh3 21.
f3 Bxg2 22. fxe4 Bf3 23. Qf2 Qg4+ 24. Kf1 Bg2+ 25. Kg1 Nf3+ 26. Bxf3 Bxf3+ 27.
Kf1 Bxd1 28. e5 Bf3 29. Re3 Be4 30. h3 Qd1+ 31. Re1 Bxd3+ 32. cxd3 Qxd3+ 33.
Kg2 Re6 34. h4 Rae8 35. hxg5 Rxe5 36. Rxe5 Rxe5 0-1

[Event "BL 0304 SV Werder Bremen - SFR Neukölln"]
[Site "Bremen"]
[Date "2004.03.27"]
[Round "12.1"]
[White "Brynell, Stellan"]
[Black "McShane, Luke James"]
[Result "1/2-1/2"]
[WhiteElo "2462"]
[BlackElo "2649"]
[PlyCount "95"]
[EventDate "2003.11.01"]

1. d4 Nf6 2. c4 g6 3. g3 Bg7 4. Bg2 O-O 5. Nc3 d6 6. Nf3 Nc6 7. O-O Rb8 8. h3
Nd7 9. Be3 a6 10. Rc1 Re8 11. b3 e5 12. Qd2 e4 13. Ne1 f5 14. Nc2 Nf6 15. Bg5
Ne7 16. f3 exf3 17. Bxf3 Kh8 18. e4 Neg8 19. exf5 Bxf5 20. g4 Bd7 21. d5 c5 22.
dxc6 Bxc6 23. Nd5 Bxd5 24. cxd5 h6 25. Be3 Ne4 26. Qd3 Ngf6 27. Nd4 Nxd5 28.
Bxe4 Nxe3 29. Rf7 Re7 30. Rxe7 Qxe7 31. Bxg6 Qg5 32. Re1 Nxg4 33. Ne6 Qh4 34.
Rf1 Ne5 35. Qxd6 Qg3+ 36. Kh1 Qxh3+ 37. Kg1 Qg3+ 38. Kh1 Rg8 39. Nxg7 Qh3+ 40.
Kg1 Nxg6 41. Qxg6 Qe3+ 42. Kh1 Qh3+ 43. Kg1 Qe3+ 44. Kg2 Qd2+ 45. Rf2 Qd5+ 46.
Kf1 Qd1+ 47. Kg2 Qd5+ 48. Kf1 1/2-1/2

[Event "BL 0304 SV Werder Bremen - SFR Neukölln"]
[Site "Bremen"]
[Date "2004.03.27"]
[Round "12.2"]
[White "Efimenko, Zahar"]
[Black "Berndt, Stephan"]
[Result "1-0"]
[WhiteElo "2547"]
[BlackElo "2462"]
[PlyCount "69"]
[EventDate "2003.11.01"]

1. e4 c5 2. Nf3 d6 3. d4 cxd4 4. Nxd4 Nf6 5. Nc3 g6 6. Be3 Bg7 7. f3 O-O 8. Qd2
Nc6 9. Bc4 Bd7 10. O-O-O Ne5 11. Bb3 Rc8 12. h4 h5 13. Bg5 Rc5 14. Kb1 Re8 15.
Bh6 Nc4 16. Bxc4 Rxc4 17. Bxg7 Kxg7 18. Nd5 Nxd5 19. exd5 Rc5 20. Nb3 Rc4 21.
g4 hxg4 22. h5 g5 23. Qxg5+ Kh7 24. Qe3 Qc8 25. Nd4 e5 26. dxe6 Bxe6 27. Qd3+
Kh8 28. Rhg1 Rg8 29. Qe3 Rg7 30. Qh6+ Kg8 31. Qf6 Kh7 32. fxg4 Rc5 33. g5 Re5
34. g6+ fxg6 35. Rxg6 1-0

[Event "BL 0304 SV Werder Bremen - SFR Neukölln"]
[Site "Bremen"]
[Date "2004.03.27"]
[Round "12.3"]
[White "Polzin, Rainer"]
[Black "Babula, Vlastimil"]
[Result "0-1"]
[WhiteElo "2489"]
[BlackElo "2567"]
[PlyCount "94"]
[EventDate "2003.11.01"]

1. e4 c5 2. Nf3 d6 3. d4 cxd4 4. Nxd4 Nf6 5. Nc3 e6 6. Be2 Be7 7. O-O O-O 8.
Be3 a6 9. a4 Nc6 10. f4 Qc7 11. Kh1 Re8 12. Bf3 Bf8 13. Nb3 b6 14. a5 bxa5 15.
e5 dxe5 16. fxe5 Rd8 17. Qe1 Nd5 18. Bxd5 exd5 19. Qf2 d4 20. Nxd4 Nxd4 21.
Bxd4 Rb8 22. Ne4 Be6 23. Ng5 Bc4 24. Rfe1 h6 25. Ne4 Qc6 26. Nd6 a4 27. Qg3 Be6
28. c4 Rb3 29. Qh4 Rdb8 30. Rac1 a3 31. bxa3 Rxa3 32. Qf2 Be7 33. Rb1 Rab3 34.
Rxb3 Rxb3 35. c5 a5 36. Rf1 Qd5 37. Ba1 Rd3 38. Qg1 a4 39. Rc1 Bg5 40. Rb1 a3
41. Qf1 a2 42. Re1 Re3 43. Rd1 Rb3 44. Rxd5 Bxd5 45. Nf5 Rb1 46. Qg1 Be4 47. h4
Bf4 0-1

[Event "BL 0304 SV Werder Bremen - SFR Neukölln"]
[Site "Bremen"]
[Date "2004.03.27"]
[Round "12.4"]
[White "Pelletier, Yannick"]
[Black "Borriss, Martin Dr"]
[Result "1-0"]
[WhiteElo "2604"]
[BlackElo "2445"]
[PlyCount "83"]
[EventDate "2003.11.01"]

1. e4 c5 2. Nf3 d6 3. d4 cxd4 4. Nxd4 Nf6 5. Nc3 Nc6 6. Bg5 e6 7. Qd2 Be7 8.
O-O-O O-O 9. Nb3 a6 10. Bxf6 gxf6 11. f4 b5 12. Qe1 Kh8 13. Kb1 Rg8 14. f5 b4
15. Ne2 e5 16. Ng3 a5 17. Bc4 a4 18. Nc1 Qe8 19. Nf1 Rb8 20. Ne3 Nd4 21. Ne2
Bd8 22. g3 b3 23. Nxd4 exd4 24. Rxd4 Bb6 25. Rd3 Qxe4 26. axb3 axb3 27. Rxb3
Ba5 28. Bd5 Bxe1 29. Bxe4 Rxb3 30. cxb3 Re8 31. Rxe1 Rxe4 32. Nc2 Bxf5 33. Rxe4
Bxe4 34. Kc1 Kg7 35. Nd4 Kf8 36. Kd2 Ke7 37. Ke3 f5 38. Kf4 Kf6 39. b4 Bd3 40.
b5 h5 41. b6 Ba6 42. Nc6 1-0

[Event "BL 0304 SV Werder Bremen - SFR Neukölln"]
[Site "Bremen"]
[Date "2004.03.27"]
[Round "12.5"]
[White "Poldauf, Dirk"]
[Black "Schandorff, Lars"]
[Result "1-0"]
[WhiteElo "2404"]
[BlackElo "2520"]
[PlyCount "55"]
[EventDate "2003.11.01"]

1. c4 Nf6 2. Nc3 c5 3. g3 e6 4. Nf3 b6 5. Bg2 Bb7 6. O-O Be7 7. b3 O-O 8. Bb2
d6 9. e3 Nbd7 10. d3 a6 11. Qe2 Qc7 12. Nh4 Bxg2 13. Nxg2 Qb7 14. f4 b5 15.
Rab1 d5 16. g4 Rfd8 17. g5 Ne8 18. f5 b4 19. fxe6 fxe6 20. Qg4 Nc7 21. Ne2 Qc6
22. g6 e5 23. gxh7+ Kxh7 24. Rf7 Bf6 25. Nh4 Ne6 26. Nf5 Rac8 27. Rxf6 Nxf6 28.
Qh4+ 1-0

[Event "BL 0304 SV Werder Bremen - SFR Neukölln"]
[Site "Bremen"]
[Date "2004.03.27"]
[Round "12.6"]
[White "Knaak, Rainer"]
[Black "Thiede, Lars"]
[Result "0-1"]
[WhiteElo "2480"]
[BlackElo "2440"]
[PlyCount "114"]
[EventDate "2003.11.01"]

1. d4 g6 2. c4 Bg7 3. Nf3 Nf6 4. g3 O-O 5. Bg2 d6 6. O-O Nbd7 7. Nc3 e5 8. h3
a6 9. dxe5 dxe5 10. Be3 Rb8 11. Qc2 c6 12. Rfd1 Qe7 13. a3 Ne8 14. Na4 f5 15.
Nb6 Nxb6 16. Bxb6 e4 17. Nd2 Nc7 18. Nb3 Ne6 19. Rd2 Bd7 20. Rad1 Be8 21. e3 c5
22. Nc1 h5 23. h4 g5 24. hxg5 Qxg5 25. Rd6 Qe7 26. Ne2 Be5 27. R6d5 Qg7 28. Nf4
Bxf4 29. exf4 h4 30. Qc3 Qxc3 31. bxc3 Rc8 32. Bh3 Rc6 33. Rd6 hxg3 34. fxg3
Rf6 35. Rxc6 Bxc6 36. Kf2 Kf7 37. Ba7 Rh6 38. Bxf5 Rh2+ 39. Kg1 Rc2 40. Re1
Rxc3 41. Kh2 Rxc4 42. Kh3 Ng7 43. Bc8 Rc3 44. Kh4 Ne6 45. Bxe6+ Kxe6 46. g4 e3
47. Kg5 Kd5 48. f5 Ke4 49. f6 Be8 50. Kh6 Kf3 51. g5 Kf2 52. Rb1 e2 53. Bb6
e1=Q 54. Rxe1 Rh3+ 55. Kg7 Kxe1 56. Bxc5 Kd1 57. Be7 Kc2 0-1

[Event "BL 0304 SV Werder Bremen - SFR Neukölln"]
[Site "Bremen"]
[Date "2004.03.27"]
[Round "12.7"]
[White "Schwarz, Michael"]
[Black "Skripchenko-Lautier, Almira"]
[Result "1/2-1/2"]
[WhiteElo "2409"]
[BlackElo "2460"]
[PlyCount "178"]
[EventDate "2003.11.01"]

1. Nf3 Nf6 2. c4 g6 3. g3 Bg7 4. Bg2 O-O 5. O-O d6 6. d4 Nbd7 7. Qc2 e5 8. Rd1
Re8 9. dxe5 dxe5 10. e4 c6 11. h3 Qc7 12. Be3 Bf8 13. c5 b6 14. b4 bxc5 15.
bxc5 Qa5 16. Rc1 Ba6 17. Nbd2 Rab8 18. Nb3 Qa4 19. Nfd2 Rb4 20. f3 Reb8 21. Bf1
Bxf1 22. Nxf1 Nh5 23. Rd1 Ndf6 24. Rac1 Qa6 25. Rd2 Qc8 26. Kg2 Ng7 27. Qc3 Qc7
28. Bg5 Nge8 29. Rcd1 h6 30. Be3 R4b5 31. Nc1 Bg7 32. g4 Qe7 33. Ng3 Nc7 34.
Nd3 Nh7 35. Nf2 Nf8 36. Rd6 Qe8 37. R1d2 R5b7 38. Qa5 Nfe6 39. a4 Nf4+ 40. Bxf4
exf4 41. Ne2 Ne6 42. Qa6 Bf8 43. Qxc6 Bxd6 44. Qxe8+ Rxe8 45. cxd6 f6 46. Nd3
Rd8 47. Ndxf4 Nxf4+ 48. Nxf4 Kf7 49. Rd5 Rb6 50. Ra5 a6 51. Nd5 Rbxd6 52. Rc5
f5 53. Kg3 fxe4 54. fxe4 g5 55. Kf3 Ke6 56. Ke3 Rb8 57. Rc7 Rd7 58. Rc6+ Rd6
59. Rc7 Rxd5 60. exd5+ Kxd5 61. Rd7+ Kc5 62. Ke4 Rb3 63. Rd5+ Kc6 64. Rf5 Rxh3
65. Kd4 Ra3 66. Rf6+ Kb7 67. Kc5 Rxa4 68. Rb6+ Ka7 69. Rxh6 Rxg4 70. Rh7+ Kb8
71. Kc6 Rc4+ 72. Kb6 Kc8 73. Rg7 Rg4 74. Kxa6 Kd8 75. Kb5 Ke8 76. Kc5 Kf8 77.
Ra7 Rf4 78. Kd5 Rf7 79. Rxf7+ Kxf7 80. Ke4 Kg6 81. Kf3 Kf5 82. Kg3 g4 83. Kg2
Kf4 84. Kf2 g3+ 85. Kg2 Kg4 86. Kg1 Kh3 87. Kh1 Kh4 88. Kg2 Kg4 89. Kg1 Kf3
1/2-1/2

[Event "BL 0304 SV Werder Bremen - SFR Neukölln"]
[Site "Bremen"]
[Date "2004.03.27"]
[Round "12.8"]
[White "Joachim, Sven"]
[Black "Ahlander, Bjoern Mikael"]
[Result "1/2-1/2"]
[WhiteElo "2434"]
[BlackElo "2397"]
[PlyCount "175"]
[EventDate "2003.11.01"]

1. e4 c5 2. Nf3 d6 3. d4 cxd4 4. Nxd4 Nf6 5. Nc3 a6 6. Be2 e5 7. Nb3 Be7 8. Be3
O-O 9. g4 Be6 10. g5 Nfd7 11. Qd2 Nc6 12. Nd5 Nc5 13. f3 Rc8 14. O-O-O Bxd5 15.
exd5 Nxb3+ 16. axb3 Nb8 17. h4 Nd7 18. h5 f5 19. gxf6 Rxf6 20. Rdg1 Kh8 21. Kb1
Qf8 22. Qb4 Rc7 23. Qg4 Rf7 24. Bd3 Nf6 25. Qe6 Bd8 26. c4 Rcd7 27. Bg6 Rfe7
28. Qh3 h6 29. Bf5 Rc7 30. Rd1 Nd7 31. Qg4 Qf6 32. Rhg1 b5 33. cxb5 axb5 34.
Rc1 Nc5 35. b4 Na4 36. Be4 Rc4 37. Rxc4 bxc4 38. Bc2 Nxb2 39. Kxb2 e4+ 40. Kb1
Qc3 41. Qf4 Qxb4+ 42. Kc1 Kg8 43. fxe4 Rf7 44. Qg3 c3 45. Kd1 Qa3 46. Bc1 Qa7
47. Re1 Bf6 48. Qd3 Be5 49. Be3 Qd7 50. Bd4 Qg4+ 51. Kc1 Qg5+ 52. Be3 Qxh5 53.
Bd4 Qg5+ 54. Be3 Qg3 55. Rg1 Qh2 56. Rf1 Qg2 57. Rxf7 Kxf7 58. Qd1 g6 59. Bxh6
Qf2 60. Kb1 Qb6+ 61. Bb3 Qf2 62. Bc1 Qg2 63. Bc2 Qf2 64. Bd3 Kg7 65. Qe2 Qa7
66. Bc4 Qa4 67. Ba2 Qd4 68. Kc2 Qg1 69. Bc4 Qc5 70. Bb3 Qg1 71. Qe3 Qg2+ 72.
Kb1 Kf6 73. Bd1 Kg7 74. Bc2 Qf1 75. Bd3 Qd1 76. Qa7+ Kf6 77. Qf2+ Kg7 78. Bc2
Qh1 79. Qa7+ Kf6 80. Qb8 Kg7 81. Qc7+ Kg8 82. Qc8+ Kg7 83. Qd7+ Kg8 84. Qg4 Kg7
85. Ba4 Qf1 86. Qd7+ Kg8 87. Qe8+ Kg7 88. Qe7+ 1/2-1/2

[Event "BL 0304 Hamburger SK - Solinger SG"]
[Site "Hamburg"]
[Date "2004.03.27"]
[Round "12.3"]
[White "Naumann, Alexander"]
[Black "Kempinski, Robert"]
[Result "1/2-1/2"]
[WhiteElo "2518"]
[BlackElo "2561"]
[PlyCount "50"]
[EventDate "2003.11.01"]

1. e4 c5 2. Nf3 d6 3. d4 cxd4 4. Nxd4 Nf6 5. Nc3 a6 6. Bc4 e6 7. Bb3 b5 8. Bg5
b4 9. Na4 Be7 10. O-O O-O 11. c3 bxc3 12. Nxc3 Bd7 13. Rc1 Nc6 14. Nxc6 Bxc6
15. Qd3 Qd7 16. Rfd1 Rfd8 17. Qe2 Qb7 18. Rd4 Rab8 19. Rcd1 a5 20. Ba4 h6 21.
Bh4 Bxa4 22. Nxa4 e5 23. Rc4 d5 24. exd5 Nxd5 25. Bxe7 Nxe7 1/2-1/2

[Event "BL 0304 Hamburger SK - Solinger SG"]
[Site "Hamburg"]
[Date "2004.03.27"]
[Round "12.4"]
[White "Hansen, Sune Berg"]
[Black "Werle, Jan"]
[Result "1/2-1/2"]
[WhiteElo "2551"]
[BlackElo "2409"]
[PlyCount "89"]
[EventDate "2003.11.01"]

1. e4 c5 2. Nf3 d6 3. d4 cxd4 4. Nxd4 Nf6 5. Nc3 Nc6 6. Bg5 e6 7. Qd2 a6 8.
O-O-O Bd7 9. f3 Be7 10. Kb1 h6 11. Be3 b5 12. Nxc6 Bxc6 13. Bd3 Nd7 14. Qf2 Qc7
15. Rhe1 Ne5 16. Qg3 Bf6 17. Bd4 Qe7 18. Qf2 O-O 19. f4 Nxd3 20. Rxd3 Bxd4 21.
Qxd4 Rfd8 22. Red1 Rab8 23. Rg3 e5 24. Qe3 exf4 25. Qxf4 Qe5 26. Qg4 g6 27. Qh4
Kg7 28. Nd5 Bxd5 29. Rxd5 Qf6 30. Qxf6+ Kxf6 31. Rgd3 Ke6 32. b3 h5 33. Kb2 Rb6
34. e5 Rc6 35. c3 f6 36. exf6 Rf8 37. R5d4 Rxf6 38. Re3+ Kd7 39. Rd2 Rc5 40.
Rde2 Re5 41. Ka3 Rxe3 42. Rxe3 Kc6 43. b4 Rf4 44. Kb3 Rg4 45. g3 1/2-1/2

[Event "BL 0304 Hamburger SK - Solinger SG"]
[Site "Hamburg"]
[Date "2004.03.27"]
[Round "12.5"]
[White "Hoffmann, Michael"]
[Black "Wahls, Matthias"]
[Result "0-1"]
[WhiteElo "2430"]
[BlackElo "2546"]
[PlyCount "92"]
[EventDate "2003.11.01"]

1. e4 c5 2. Nf3 e6 3. d4 cxd4 4. Nxd4 a6 5. c4 Nf6 6. Nc3 Qc7 7. a3 b6 8. g3
Bb7 9. Bg2 d6 10. O-O Be7 11. Be3 Nbd7 12. Rc1 Rc8 13. f4 O-O 14. f5 e5 15. Nd5
Qd8 16. Nb3 Bc6 17. Qd3 a5 18. Qe2 a4 19. Nd2 Nc5 20. Bf2 Nxd5 21. exd5 Bd7 22.
Be3 Bg5 23. Ne4 Nxe4 24. Bxe4 Bxe3+ 25. Qxe3 f6 26. Rc3 Rc5 27. Bd3 Re8 28. g4
e4 29. Bxe4 b5 30. cxb5 Rxb5 31. Rf2 Qb8 32. Rcc2 Re5 33. Qf4 Qe8 34. Bf3 Rb3
35. Kg2 h6 36. h4 Bb5 37. Rc7 Bd3 38. Rc3 Rxc3 39. bxc3 Be4 40. g5 hxg5 41.
hxg5 fxg5 42. Qxg5 Rxf5 43. Qe3 Qg6+ 44. Kf1 Bxf3 45. Rxf3 Rxf3+ 46. Qxf3 Qf7
0-1

[Event "BL 0304 Hamburger SK - Solinger SG"]
[Site "Hamburg"]
[Date "2004.03.27"]
[Round "12.6"]
[White "Bezold, Michael"]
[Black "Emms, John M"]
[Result "0-1"]
[WhiteElo "2456"]
[BlackElo "2520"]
[PlyCount "88"]
[EventDate "2003.11.01"]

1. c4 c5 2. g3 g6 3. Bg2 Bg7 4. Nc3 Nc6 5. d3 Nf6 6. e3 O-O 7. Nge2 d6 8. a3
Bd7 9. Rb1 Qc8 10. h3 Rb8 11. b4 b6 12. b5 Nd8 13. g4 Ne6 14. f4 Nc7 15. e4
Nfe8 16. Be3 Qd8 17. Qd2 Ne6 18. Bf2 f5 19. gxf5 gxf5 20. exf5 N6c7 21. Ng3
Bxf5 22. Be4 Bxe4 23. dxe4 Kh8 24. Nh5 Qd7 25. Qd3 Nf6 26. Nxg7 Kxg7 27. Kd2
Kh8 28. Rbg1 Rg8 29. Qf3 Qe6 30. Kd3 Qf7 31. Rxg8+ Rxg8 32. Rg1 Rf8 33. Be1 Nh5
34. f5 e5 35. Ne2 Ne6 36. Qg4 Nd4 37. Bd2 Nf6 38. Qg2 Rg8 39. Qf2 Rxg1 40. Nxg1
Qh5 41. Qf1 Kg7 42. Be3 Kf7 43. Bxd4 cxd4 44. Nf3 Qh6 0-1

[Event "BL 0304 Hamburger SK - Solinger SG"]
[Site "Hamburg"]
[Date "2004.03.27"]
[Round "12.7"]
[White "Schaefer, Markus"]
[Black "Reeh, Oliver"]
[Result "0-1"]
[WhiteElo "2374"]
[BlackElo "2446"]
[PlyCount "97"]
[EventDate "2003.11.01"]

1. e4 c5 2. Nf3 Nc6 3. d4 cxd4 4. Nxd4 g6 5. c4 Bg7 6. Be3 Nf6 7. Nc3 d6 8. Be2
O-O 9. O-O a5 10. Ndb5 a4 11. f3 Qa5 12. Qd2 Be6 13. Rac1 Rfc8 14. Kh1 Nd7 15.
f4 Nb4 16. Nd5 Bxd5 17. cxd5 Nf6 18. Nc3 a3 19. bxa3 Qxa3 20. Bd4 Nxe4 21. Nxe4
Rxc1 22. Rxc1 Bxd4 23. Rb1 Bc5 24. Nc3 Nxa2 25. Nxa2 Qxa2 26. Qxa2 Rxa2 27. Bf3
b5 28. h3 b4 29. Kh2 f5 30. Bd1 h5 31. h4 Rd2 32. Bb3 Bf2 33. Bc4 Bc5 34. Bb3
Kf7 35. Kh3 Rd3+ 36. Kh2 Bf2 37. Bc2 Bg3+ 38. Kg1 Rd4 39. Rb3 Bxh4 40. g3 Bf6
41. Bd3 Kg7 42. Be2 h4 43. g4 fxg4 44. Bxg4 Rxf4 45. Be6 g5 46. Kg2 g4 47. Rb1
Be5 48. Kh1 Kf6 49. Bd7 0-1

[Event "BL 0304 Hamburger SK - Solinger SG"]
[Site "Hamburg"]
[Date "2004.03.27"]
[Round "12.8"]
[White "Heinemann, Thies"]
[Black "Wegerle, Joerg"]
[Result "1/2-1/2"]
[WhiteElo "2426"]
[BlackElo "2382"]
[PlyCount "95"]
[EventDate "2003.11.01"]

1. e4 c5 2. Nf3 e6 3. d4 cxd4 4. Nxd4 a6 5. Bd3 Nc6 6. Nxc6 dxc6 7. Nd2 e5 8.
Nc4 Be6 9. Bd2 Bxc4 10. Bxc4 Nf6 11. O-O Bc5 12. Bc3 Qe7 13. Qe2 O-O 14. Rad1
Bb4 15. Bxb4 Qxb4 16. c3 Qe7 17. Rd3 Rad8 {(=)} 18. Rfd1 g6 19. g3 Rxd3 20.
Qxd3 Rc8 21. a4 Rc7 22. Qd8+ Qxd8 23. Rxd8+ Kg7 24. f3 Rd7 25. Rxd7 Nxd7 26. a5
Nf6 27. Kf2 Ne8 28. Ke3 Nd6 29. Bf1 Kf8 30. Kd3 Ke7 31. Bh3 c5 32. b3 Kd8 33.
f4 f6 34. Be6 Kc7 35. h4 h6 36. fxe5 fxe5 37. Bg8 b6 38. Bh7 g5 39. hxg5 hxg5
40. axb6+ Kxb6 41. Ke3 Ne8 42. Bg6 Nf6 43. Bf7 a5 44. Kd3 Kb5 45. Bc4+ Kc6 46.
Ke3 Ng4+ 47. Kf3 Nh2+ 48. Kg2 1/2-1/2